000 00402nam a2200133Ia 4500
008 100328s9999 xx 000 0 und d
082 _b30858
100 _aकाळे विमल
245 _aसंमेलन जवळ आल
260 _bजोशी ब्रदर्स
630 _aसंमेलन जवळ आल
730 _aसंमेलन जवळ आल
942 _cBOOK
999 _c521817
_d521814